000 00926nas a2200301 4500
001 BR2016001313
003 BR-BrBNA
005 20231205130239.0
007 ta
008 230509b bl.|||p| |||| 00| 00por d
040 _aBR-BrBNA
_bpor
_cBiblioteca Nacional de Agricultura
041 _a(En)
072 _aM12; P01; L60
100 1 _aRosenstock, N.
100 1 _aToranza, C.
100 1 _aBrazeiro, A.
245 1 _aClimate and land-use changes effects on tha distribution of a regional endemism: Melanophryniscus sanmartini (Amphibia, Bufonidae)
650 _aESPÉCIE
650 _aANFÍBIO
650 _aCLIMA
650 _aMEIO AMBIENTE
650 _a
650 _aSAPO
650 _aPRESERVAÇÃO DA NATUREZA
773 0 _tIheringia. Série Zoologia (Brazil)
_xISSN 0073-4721
_g(Jun 2015), v. 105(2) p. 209-216
_wBR2016001313
909 _a202311
_bLúcia
_c55
_dLúcia Elande
942 _2AGRIS
_n0
_cANA
999 _c248449
_d248449